000 00439nam a2200181Ia 4500
005 20240823053635.0
008 240823s9999||||xx |||||||||||||| ||und||
020 _a81-904140-1-1
041 _aENGLISH
082 _A620.1
100 _aNatarajan K V
245 0 _aEngineering Mechanics
250 _a1st
260 _bN Dhanala
500 _aTRANSFERED
650 _aMechanics
_bFire Technology & Safety Engineering
942 _cBK
999 _c224616
_d224616